Không gian phân bố lớp địa danh cổ có từ tố Chiềng : Từ Việt Nam đến Thái Lan /

में बचाया:
ग्रंथसूची विवरण
मुख्य लेखक: Đỗ Văn Ninh, PGS.TS.
स्वरूप: लेख
भाषा:Vietnamese
विषय:
टैग : टैग जोड़ें
कोई टैग नहीं, इस रिकॉर्ड को टैग करने वाले पहले व्यक्ति बनें!
Thư viện lưu trữ: Thư viện Trường Đại học Đà Lạt
LEADER 00816nam a2200265 4500
001 DLU090087655
005 ##20091016
040 # # |a DLU  |b vie 
041 # # |a vie 
044 # # |a vn 
100 # # |a Đỗ Văn Ninh,   |c PGS.TS. 
245 # # |a Không gian phân bố lớp địa danh cổ có từ tố Chiềng :  |b Từ Việt Nam đến Thái Lan /  |c Đỗ Văn Ninh. 
653 # # |a Địa danh học 
653 # # |a Dòng họ 
653 # # |a Tổ chức hành chính 
773 # # |t Nghiên cứu lịch sử  |g Số 3(316), 2001, tr. 66-70 
920 # # |a Phòng Tạp chí -- Trung tâm Thông tin - Thư viện Trường Đại học Đà Lạt 
994 # # |a DLU 
900 # # |a True 
911 # # |a Nguyễn Thị Linh Chi 
925 # # |a G 
926 # # |a A 
927 # # |a BB 
980 # # |a Thư viện Trường Đại học Đà Lạt